000 01566cam a2200325 4500
001 ABS66748
008 030523n2003 000 0 eng u
035 _a(Sirsi) u122382
100 _aMurdoch, J.
245 _aGood value for money
260 _c2003
490 _aEstates Gazette
_v(0320) 17 May 2003, 145(1)
520 _aDiscusses a recent decision "Lloyds TSB Bank plc v Edward Symmons and Partners" ([2003] EWHC 346 (TCC), Abs66654) in which the HC rejected the bank's (L) claim for damages for an alleged negligent valuation carried out by (E). "Merivale Moore plc v Strutt and Parker" (CA WB3517-20) applied. Claim rejected on the grounds that the valuation was within the permissible margin of error. In order to succeed with negligence claim against a valuer it is necessary to show that the valuation was outside the 'margin of error'. If it is, this is itself evidence of negligence. View judgment at www.bailii.org.
590 _aABS
650 _aLLOYDS TSB BANK PLC V EDWARD SYMMONS AND PARTNERS
650 _aDAMAGES
650 _aMARGIN OF ERROR
650 _aMERIVALE MOORE PLC AND ANOTHER V STRUTT AND PARKER
650 _aOPEN MARKET VALUE
650 _aLETTABLE AREA
650 _aVALUERS
650 _aUNDERVALUATION
650 _aRENTAL VALUES
650 _aFLOOR AREAS
650 _aCOMMERCIAL PREMISES
650 _aNEGLIGENCE
690 _aPROPERTY-PROPERTY APPRAISAL AND VALUATION
856 _uhttps://www.bailii.org/ew/cases/EWHC/TCC/2003/346.html
_zView judgment on the BAILII website....
942 _n0
999 _c72739
_d72739